000 01220nam a2200289 a 4500
001 000013623
003 DO-SdBNP
005 20211129090533.0
008 091126s1990 dr 001 0 spa d
040 _aDO-SdBNP
_bspa
_cBNPHU
082 4 _a342.729303
_bP387c
_222
100 1 _aPellerano Gómez, Juan MI.
_931020
245 1 0 _aConstitución y política /
_cJuan MI. Pellerano Gómez.
260 _aSanto Domingo :
_bEdiciones CAPELDOM,
_c1990.
300 _a287 p. ;
_c22 cm.
504 _aIncluye bibliografía y notas al pie de las páginas.
505 0 _tProyecto y reforma de la Constitución del año 1963 --
_tReforma de la Constitución del año 1966.
590 _aInventariado, 2018/ YL
650 4 _aReformas constitucionales
_zRepública Dominicana
_97088
_vEnsayos, conferencias, etc.
650 4 _aDiarios dominicanos
_xSecciones, columnas, etc.
_944
651 4 _aRepública Dominicana
_xConstitución (1963)
_xReformas
_931021
651 4 _aRepública Dominicana
_xConstitución (1966)
_xReformas
_931022
651 4 _aRepública Dominicana
_xDerecho Constitucional
_99303
730 0 _aListín Diario (República Dominicana)
_91199
910 _aValidado. Control de calidad EMS
942 _2ddc
_cLBS1
999 _c13237
_d13237